000 00771nam a2200229 a 4500
005 20180803165036.0
008 140306t1997 ck ||||gr|||| 00| 0 spa d
040 _aCO-BoIAVH
_cCO-BoIAVH
041 _aspa
044 _ack
082 4 _a354.309
_bV47e
100 1 _aVerano de la Rosa, Eduardo
245 1 0 _aEstado y realizaciones de la gestión ambiental en Colombia
_binforme al Congreso de la República /
_cEduardo Verano de la Rosa
260 _aBogotá :
_bMinambiente,
_c1997.
300 _a195 páginas ;
_c24 x 17 cm.
650 6 _aInformes de gestión
650 6 _aGestión ambiental
650 6 _aPolítica ambiental
662 _aColombia
710 2 _aColombia
_b, Ministerio del Medio Ambiente
942 _cLIBRO
_2ddc
999 _c2785
_d2785